00404nam a2200121Ia 4500008004100000100002000041245005600061245002300117260000900140856004100149999001900190952007300209160531s9999 xx 000 0 und d aChaudhuri, A.K. 2aA short course on Relativistic Heavy Ion Collisions cby A. K. Chaudhuri c2012 uhttp://arxiv.org/pdf/1207.7028v1.pdf c295234d295234 001040aCLbCLd2016-05-31l0r2016-05-31 00:00:00w2016-05-31yCBE